Education of Women for involvement in national development (Record no. 1655)

MARC details
000 -LEADER
fixed length control field 007010000a22001810004500
003 - CONTROL NUMBER IDENTIFIER
control field LK-CoMWRAF
008 - FIXED-LENGTH DATA ELEMENTS--GENERAL INFORMATION
fixed length control field 230817t1975 ||||| |||| 00| 0 eng d
040 ## - CATALOGING SOURCE
Original cataloging agency LK-CoMWRAF
Modifying agency LK-CoMWRAF
Description conventions LK-CoMWRAF
041 ## - LANGUAGE CODE
Language code of text/sound track or separate title English
082 ## - DEWEY DECIMAL CLASSIFICATION NUMBER
Classification number 376.954
Item number EDU
942 ## - ADDED ENTRY ELEMENTS (KOHA)
Koha item type Conference Proceeding
111 ## - MAIN ENTRY--MEETING NAME
Meeting name or jurisdiction name as entry element REGIONAL SEMINAR ON ' EDUCATION OF WOMEN FOR INVOLVEMENT IN NATIONAL DEVELOPMENT'
Location of meeting ( Colombo: Sri Lanka Foundation Institute
Date of meeting November 1975)
245 ## - TITLE STATEMENT
Title Education of Women for involvement in national development
260 ## - PUBLICATION, DISTRIBUTION, ETC. (IMPRINT)
Place of publication, distribution, etc. Colombo:
Name of publisher, distributor, etc. Sri Lanka Foundation Institute,
Date of publication, distribution, etc. 1975
300 ## - PHYSICAL DESCRIPTION
Extent 152 p. ; 23 cm.
490 ## - SERIES STATEMENT
Series statement Sri Lanka Foundation Institute Seminar series
Volume/sequential designation report 4
650 ## - SUBJECT ADDED ENTRY--TOPICAL TERM
Topical term or geographic name as entry element Women--Education--India--Congresses
Holdings
Withdrawn status Lost status Damaged status Not for loan Permanent Location Current Location Date acquired Full call number Barcode Koha item type
        Resource center, Muslim Women's Research And Action Forum Resource center, Muslim Women's Research And Action Forum 2023-08-17 376.954 EDU RAF3153 Conference Proceeding
        Resource center, Muslim Women's Research And Action Forum Resource center, Muslim Women's Research And Action Forum 2024-01-13 376.954 EDU RAF4720 Conference Proceeding

Copyright © 2023 Muslim Women's Research and Action Forum (MWRAF), No 27/3, Anderson Road, Kalubowila, Dehiwela. Funded by The Asia Fundation